00494 a2200169 450000100060000002000180000604000260002410000170005024000430006724500380011030000070014836200090015565000240016494200070018895201120019599900170030748411 a9788516091729 cAnchieta - Bela Vista aVillela, Bia10aO que é que tem no seu caminho?lpor10aO que é que tem no seu caminho? a310 a2014 4aLiteratura infantil cBK 00104070a91.4b91.4d2023-11-21l0oLI 028.5 V735o VIL OQUp352/BELr2023-11-21 17:39:48w2023-11-21yBK c48411d48411